Valuation and optimality in the overlapping generations model.

Teoretické základy priaznivých ekonomických podmienok prekrývajúcich sa generačných modelov za predpokladu existencie širokého sortimentu tovaru v danom období. Optimalizácia trhového mechanizmu a rozdeľovania finančných zdrojov pomocu rôznych matematických modelov.

Salvato in:
Dettagli Bibliografici
Autore principale: Aliprantis, Charalambos D.
Altri autori: Brown, D.J, Burkinshaw, O.
Natura: Capitolo di libro
Lingua:inglese
Soggetti:
Tags: Aggiungi Tag
Nessun Tag, puoi essere il primo ad aggiungerne!!

MARC

LEADER 00000naa a2200000 4500
001 r003672
005 20220819194836.2
041 0 |a eng 
044 |a US 
245 1 0 |a Valuation and optimality in the overlapping generations model.  |c Charalambos D. Aliprantis, D.J. Brown, O. Burkinshaw 
520 |a Teoretické základy priaznivých ekonomických podmienok prekrývajúcich sa generačných modelov za predpokladu existencie širokého sortimentu tovaru v danom období. Optimalizácia trhového mechanizmu a rozdeľovania finančných zdrojov pomocu rôznych matematických modelov. 
610 2 0 |a optimalizácia 
610 2 0 |a mechanizmus trhový 
610 2 0 |a sortiment tovaru 
610 2 0 |a modely matematické 
610 2 0 |a rozdeľovanie 
610 2 0 |a zdroje finančné 
610 2 0 |a modely ekonomicko-matematické 
610 2 0 |a ekonómia blahobytu 
100 1 |a Aliprantis, Charalambos D. 
700 1 |a Brown, D.J. 
700 1 |a Burkinshaw, O.